[Event "Paul Keres mem (27th)"]
[Site "Vancouver CAN"]
[Date "2002.05.19"]
[Round "5.3"]
[White "Fletcher, David"]
[Black "Adam, Valerian"]
[Result "0-1"]
[WhiteElo "2137"]
[BlackElo "2282"]
[PlyCount "147"]
[EventDate "2002.05.17"]
[EventType "swiss"]
[EventRounds "7"]
[EventCountry "CAN"]

1. e4 e5 2. Nf3 d6 3. d4 Nd7 4. dxe5 dxe5 5. Bc4 c6 6. O-O Qc7 7. Be3 Be7 8. c3
b5 9. Bb3 Ngf6 10. Nbd2 Nc5 11. Bc2 O-O 12. b4 Ne6 13. Nb3 c5 14. a3 Bb7 15.
Nfd2 Rfd8 16. f3 cxb4 17. cxb4 Qc3 18. Bf2 Rd7 19. Ra2 Rad8 20. Bb1 Ba8 21. Qc1
Qxc1 22. Rxc1 Ne8 23. Rac2 Bg5 24. Be1 Nd4 25. Nxd4 Rxd4 26. Rd1 Be3+ 27. Kf1
Bf4 28. g3 Bg5 29. Ke2 a6 30. Bf2 R4d7 31. Bb6 Rb8 32. Be3 Bxe3 33. Kxe3 Rbd8
34. Ke2 Kf8 35. Rdc1 Nd6 36. Rc7 Ke7 37. Rxd7+ Rxd7 38. Rc5 f6 39. Ba2 Kd8 40.
Be6 Rc7 41. Ba2 Ra7 42. Bg8 h6 43. Nb3 g5 44. Na5 g4 45. Bd5 gxf3+ 46. Kxf3 Kd7
47. g4 Bxd5 48. Rxd5 Rc7 49. Rd3 Ke7 50. Nb3 Rc2 51. h4 Rh2 52. Nc5 Rh3+ 53.
Kg2 Rxd3 54. Nxd3 Nxe4 55. Kf3 Nd2+ 56. Ke3 Nc4+ 57. Ke4 a5 58. bxa5 Nxa5 59.
g5 fxg5 60. Nxe5 Nc4 61. Nf3 Kf6 62. Kd4 g4 63. Ne1 Nxa3 64. Kc5 g3 65. Ng2 Ke5
66. Kb4 Nc2+ 67. Kxb5 Ke4 68. Kc5 Ne3 69. Ne1 Nf5 70. Ng2 Kf3 71. Ne1+ Kf2 72.
Nd3+ Ke3 73. Ne1 Nxh4 74. Kc4 0-1

[Event "Paul Keres mem (27th)"]
[Site "Vancouver CAN"]
[Date "2002.05.19"]
[Round "5.4"]
[White "Beqo, Nick"]
[Black "Boehmer, Kris"]
[Result "1-0"]
[WhiteElo "2151"]
[BlackElo "2110"]
[PlyCount "69"]
[EventDate "2002.05.17"]
[EventType "swiss"]
[EventRounds "7"]
[EventCountry "CAN"]

1. d4 d5 2. Nf3 Nf6 3. Bf4 c5 4. c3 cxd4 5. cxd4 Nc6 6. e3 a6 7. Nc3 Bg4 8. Qb3
Bxf3 9. gxf3 Qd7 10. Na4 Na5 11. Qb4 Nc6 12. Qb3 Na5 13. Qd1 e6 14. a3 Qd8 15.
b4 b5 16. Nc5 Nc4 17. Rg1 Nh5 18. Bg5 Be7 19. f4 g6 20. Bxc4 dxc4 21. Bxe7 Kxe7
22. Rg5 f5 23. Rxh5 gxh5 24. Qxh5 Qg8 25. O-O-O Qg6 26. Qf3 Ra7 27. Nb7 Rc8 28.
d5 Qg4 29. Qh1 Qg7 30. Kc2 Kf8 31. Nd6 a5 32. Nxc8 axb4 33. Rd4 Rxa3 34. dxe6
b3+ 35. Kb1 1-0

[Event "Paul Keres mem (27th)"]
[Site "Vancouver CAN"]
[Date "2002.05.19"]
[Round "5.5"]
[White "Pupols, Viktors"]
[Black "Meng, Fanhao"]
[Result "0-1"]
[WhiteElo "2261"]
[BlackElo "1999"]
[PlyCount "126"]
[EventDate "2002.05.17"]
[EventType "swiss"]
[EventRounds "7"]
[EventCountry "CAN"]

1. d4 d5 2. c4 c6 3. Nf3 Nf6 4. e3 Bf5 5. Nc3 e6 6. Nh4 Bg4 7. Qb3 Qc7 8. f3
Bh5 9. g4 Bg6 10. Bd2 Nbd7 11. O-O-O a6 12. Be1 b6 13. Bg3 Bd6 14. Bxd6 Qxd6
15. Nxg6 hxg6 16. Qc2 g5 17. Kb1 b5 18. cxd5 cxd5 19. e4 Qc7 20. e5 Ng8 21. Qd2
f6 22. Rc1 Qb6 23. f4 gxf4 24. Qxf4 Ne7 25. exf6 gxf6 26. Bg2 Ng6 27. Qe3 Kf7
28. g5 fxg5 29. Nxd5 exd5 30. Bxd5+ Kg7 31. Rc6 Qd8 32. Rg1 Re8 33. Qc1 Rc8 34.
Rxg5 Ndf8 35. Rxc8 Qxc8 36. Qxc8 Rxc8 37. Bb7 Rd8 38. Rg4 Rd6 39. d5 Nd7 40. a4
Nc5 41. Bc6 Nxa4 42. Kc2 Nb6 43. Rd4 Ne7 44. Kd3 Nxc6 45. dxc6 Rxc6 46. h4 Kg6
47. Rg4+ Kh5 48. Re4 Rc4 49. Re2 Kxh4 50. b3 Rc6 51. Kd4 Kg5 52. Ra2 Nc8 53.
Re2 Kf6 54. Kd5 Rd6+ 55. Kc5 Re6 56. Rh2 Ke7 57. Rh7+ Kd8 58. Kd5 Rg6 59. Kc5
Ne7 60. Kb4 Kd7 61. Ka5 Rc6 62. b4 Re6 63. Rh6 Nc6+ 0-1

[Event "Paul Keres mem (27th)"]
[Site "Vancouver CAN"]
[Date "2002.05.19"]
[Round "5.6"]
[White "Spears, Nicholas"]
[Black "Tegzes, Laszlo"]
[Result "1/2-1/2"]
[WhiteElo "2215"]
[BlackElo "2381"]
[PlyCount "84"]
[EventDate "2002.05.17"]
[EventType "swiss"]
[EventRounds "7"]
[EventCountry "CAN"]

1. d4 Nf6 2. c4 g6 3. Nf3 Bg7 4. g3 d6 5. Bg2 O-O 6. Nc3 Nc6 7. O-O a6 8. h3
Rb8 9. Be3 Bd7 10. Qd2 Re8 11. Rfd1 b5 12. cxb5 axb5 13. Bh6 Bh8 14. Rac1 b4
15. Nb1 e5 16. dxe5 Nxe5 17. Nxe5 Rxe5 18. Bf4 Re8 19. b3 Bf5 20. g4 Be4 21.
Rc4 Bxg2 22. Kxg2 Qe7 23. Rxb4 Ne4 24. Qe1 Rxb4 25. Qxb4 Nxf2 26. Rf1 Nd1 27.
Qd2 Qe4+ 28. Kg3 Qxb1 29. Rxd1 Qe4 30. e3 Be5 31. Kf2 Bxf4 32. exf4 Qa8 33. a4
Qb7 34. Qd3 Qb6+ 35. Kf3 Qc6+ 36. Kf2 Qc5+ 37. Kf3 h5 38. Qd4 Qc6+ 39. Qd5
hxg4+ 40. hxg4 Qc3+ 41. Qd3 Qc6+ 42. Qd5 Qc3+ 1/2-1/2

[Event "Paul Keres mem (27th)"]
[Site "Vancouver CAN"]
[Date "2002.05.19"]
[Round "5.7"]
[White "Lee, Mau Seng"]
[Black "Stanford, Mike"]
[Result "0-1"]
[WhiteElo "2005"]
[BlackElo "2165"]
[PlyCount "50"]
[EventDate "2002.05.17"]
[EventType "swiss"]
[EventRounds "7"]
[EventCountry "CAN"]

1. e4 c5 2. Nf3 e6 3. d4 cxd4 4. Nxd4 Nc6 5. Be3 Nf6 6. Nc3 Bb4 7. f3 d5 8. Bb5
Qd6 9. O-O e5 10. exd5 exd4 11. dxc6 bxc6 12. Bxd4 Bxc3 13. Bxc3 Qc5+ 14. Kh1
cxb5 15. Qe1+ Be6 16. Bb4 Qc6 17. Qg3 Nd5 18. Qxg7 O-O-O 19. Ba5 Rhg8 20. Qe5
Nb6 21. b3 Rd5 22. Qe2 Rdg5 23. Rf2 Bd5 24. Rg1 Qh6 25. Bd2 Qxh2+ 0-1

[Event "Paul Keres mem (27th)"]
[Site "Vancouver CAN"]
[Date "2002.05.19"]
[Round "5.8"]
[White "Pacheco, Sigfrido"]
[Black "Oszvald, Joseph"]
[Result "1-0"]
[WhiteElo "1944"]
[BlackElo "2156"]
[PlyCount "95"]
[EventDate "2002.05.17"]
[EventType "swiss"]
[EventRounds "7"]
[EventCountry "CAN"]

1. d4 c5 2. d5 b5 3. e4 a6 4. c4 Qb6 5. Qb3 Qg6 6. Nd2 bxc4 7. Qxc4 d6 8. Ne2
e5 9. Nc3 Bd7 10. Qb3 Bc8 11. Nc4 Nd7 12. Qa4 Rb8 13. Na5 Rb4 14. Qc2 Ne7 15.
a3 Rd4 16. Be3 Rxd5 17. Nxd5 Nxd5 18. Qd3 Nxe3 19. Qxe3 Be7 20. Nc4 O-O 21. g3
Bb7 22. Bg2 Bg5 23. Qe2 h5 24. O-O Be7 25. Rfd1 Rd8 26. h4 Nf6 27. Re1 Bc8 28.
Nb6 Bb7 29. Rad1 Qh6 30. Qd2 Qh7 31. Qe3 Ng4 32. Qb3 g5 33. f3 Nh6 34. hxg5
Bxg5 35. Nc4 Bc8 36. Rxd6 Re8 37. Qa4 Kf8 38. Rd5 Be6 39. Rxc5 h4 40. f4 Be7
41. Rxe5 hxg3 42. f5 Ng4 43. fxe6 Nxe5 44. Nxe5 Bc5+ 45. Kf1 Bf2 46. Qb4+ Kg7
47. exf7 Rc8 48. Qe7 1-0

[Event "Paul Keres mem (27th)"]
[Site "Vancouver CAN"]
[Date "2002.05.19"]
[Round "5.9"]
[White "Mandic, Slaven"]
[Black "Milicevic, Dragoljub"]
[Result "0-1"]
[WhiteElo "2079"]
[BlackElo "2277"]
[PlyCount "70"]
[EventDate "2002.05.17"]
[EventType "swiss"]
[EventRounds "7"]
[EventCountry "CAN"]

1. b3 f5 2. Bb2 d6 3. f4 b6 4. e3 Bb7 5. Nf3 e6 6. c4 Nf6 7. Nc3 g6 8. Be2 Bg7
9. Qc2 Qe7 10. d3 O-O 11. O-O c5 12. a3 Nc6 13. Rab1 e5 14. fxe5 dxe5 15. Nd5
Qd6 16. Nxf6+ Bxf6 17. Rfd1 Rad8 18. Bc3 a5 19. Qb2 f4 20. e4 Rd7 21. b4 axb4
22. axb4 Rg7 23. b5 Nd4 24. Nxd4 exd4 25. Bd2 Be5 26. h3 Bc8 27. Rf1 g5 28. Be1
Qg6 29. Bg4 h5 30. Bxc8 Rxc8 31. Qf2 Rf8 32. Kh1 Qe6 33. h4 g4 34. g3 Rgf7 35.
Qh2 fxg3 0-1

[Event "Paul Keres mem (27th)"]
[Site "Vancouver CAN"]
[Date "2002.05.19"]
[Round "5.10"]
[White "Shamilov, Eduard"]
[Black "Salcedo, Daniel"]
[Result "1-0"]
[WhiteElo "2239"]
[BlackElo "2046"]
[PlyCount "71"]
[EventDate "2002.05.17"]
[EventType "swiss"]
[EventRounds "7"]
[EventCountry "CAN"]

1. e4 c5 2. Nf3 d6 3. d4 cxd4 4. Nxd4 Nf6 5. Nc3 g6 6. Be3 Bg7 7. f3 O-O 8. Qd2
Nc6 9. Bc4 Bd7 10. O-O-O Rc8 11. Bb3 Na5 12. g4 Nc4 13. Bxc4 Rxc4 14. h4 b5 15.
Kb1 b4 16. Nd5 Nxd5 17. exd5 Qc7 18. h5 g5 19. Nf5 Bxf5 20. gxf5 Rc8 21. Rh2
Qd7 22. Qd3 Be5 23. Rg2 h6 24. Rf1 Bf4 25. Bd4 Qb7 26. Be3 Rc3 27. bxc3 Rxc3
28. Qe4 Bxe3 29. Re1 Qb6 30. Qxe7 b3 31. Qe8+ Kg7 32. f4 Kf6 33. Qh8+ Kxf5 34.
Qxc3 bxa2+ 35. Kxa2 Qa6+ 36. Kb1 1-0

[Event "Paul Keres mem (27th)"]
[Site "Vancouver CAN"]
[Date "2002.05.19"]
[Round "5.11"]
[White "Maheux, Pierre"]
[Black "Fullbrook, Nigel"]
[Result "1/2-1/2"]
[WhiteElo "2007"]
[BlackElo "2207"]
[PlyCount "84"]
[EventDate "2002.05.17"]
[EventType "swiss"]
[EventRounds "7"]
[EventCountry "CAN"]

1. e4 c5 2. Nf3 d6 3. d4 cxd4 4. Qxd4 Nc6 5. Bb5 Bd7 6. Bxc6 Bxc6 7. Nc3 Nf6 8.
Bg5 e6 9. O-O Be7 10. Rad1 h6 11. Bxf6 gxf6 12. Qe3 Qa5 13. Rd2 a6 14. Rfd1 Rc8
15. Nd4 Qg5 16. f4 Qc5 17. Kf2 Rg8 18. Nxc6 Rxg2+ 19. Kf3 Qxe3+ 20. Kxe3 Rxd2
21. Nxe7 Rxd1 22. Nxc8 Re1+ 23. Kd2 Rh1 24. Nxd6+ Kd7 25. Nxb7 Rxh2+ 26. Kd3 h5
27. Nc5+ Kc6 28. Nxa6 h4 29. Nb4+ Kc5 30. a3 h3 31. Ke3 Rg2 32. Kf3 Rg1 33.
Nd3+ Kc6 34. Ne2 h2 35. Nf2 h1=Q+ 36. Nxh1 Rxh1 37. Ke3 e5 38. f5 Rh3+ 39. Kd2
Kc5 40. b3 Rh4 41. Kd3 Rh3+ 42. Kd2 Rh4 1/2-1/2

[Event "Paul Keres mem (27th)"]
[Site "Vancouver CAN"]
[Date "2002.05.19"]
[Round "5.13"]
[White "Bau, Edmund"]
[Black "Fleming, Balin"]
[Result "1/2-1/2"]
[WhiteElo "2087"]
[BlackElo "1843"]
[PlyCount "101"]
[EventDate "2002.05.17"]
[EventType "swiss"]
[EventRounds "7"]
[EventCountry "CAN"]

1. e4 c5 2. Nf3 d6 3. d4 cxd4 4. Nxd4 Nf6 5. Nc3 g6 6. Bc4 Nc6 7. Bb3 Bg7 8.
Be3 Bd7 9. f3 Rc8 10. Qd2 Ne5 11. O-O-O O-O 12. Bh6 Bxh6 13. Qxh6 Rxc3 14. bxc3
Qa5 15. Qd2 Rc8 16. Kb2 Nc4+ 17. Bxc4 Rxc4 18. Nb3 Qc7 19. h4 a5 20. a3 a4 21.
Nd4 Qb6+ 22. Ka2 e5 23. Ne2 Be6 24. Ka1 Ne8 25. Rb1 Qc5 26. Rb4 Nc7 27. Rhb1
Na6 28. Kb2 Nxb4 29. cxb4 Qf2 30. h5 Qxg2 31. hxg6 hxg6 32. Qd3 Rc6 33. Nc3 Bc4
34. Qe3 Bb3 35. Rc1 Kg7 36. Kb1 Bc4 37. Nxa4 Be2 38. f4 Qf3 39. Qxf3 Bxf3 40.
fxe5 dxe5 41. Re1 g5 42. Nc5 g4 43. Rg1 b6 44. Nd3 Kf6 45. Rf1 Rc4 46. Nf2 Kg5
47. Kb2 g3 48. Kb3 g2 49. Nh3+ Kg4 50. Rxf3 Rxb4+ 51. Kxb4 1/2-1/2

[Event "Paul Keres mem (27th)"]
[Site "Vancouver CAN"]
[Date "2002.05.19"]
[Round "5.14"]
[White "Schuetzhold, Ralf"]
[Black "Wu, Howard"]
[Result "1/2-1/2"]
[WhiteElo "2153"]
[BlackElo "2222"]
[PlyCount "89"]
[EventDate "2002.05.17"]
[EventType "swiss"]
[EventRounds "7"]
[EventCountry "CAN"]

1. e4 c5 2. d4 cxd4 3. Nf3 Nc6 4. Nxd4 g6 5. Nc3 Bg7 6. Be3 Nf6 7. Bc4 O-O 8.
O-O d6 9. h3 Bd7 10. Qd2 Rc8 11. Bb3 Na5 12. f3 Nc4 13. Bxc4 Rxc4 14. Nce2 b5
15. c3 Re8 16. Rad1 Qb8 17. a3 a5 18. Nc2 Rec8 19. Bd4 b4 20. axb4 Ba4 21. bxa5
Qxb2 22. Ne3 Qxd2 23. Rxd2 R4c6 24. Ra1 Bb5 25. Nd1 e5 26. Bb6 Nd7 27. Rb1 Ba6
28. Nc1 Bh6 29. Rdb2 f5 30. Na2 Bd3 31. Ra1 fxe4 32. Nb4 Rc4 33. Nd5 Ra8 34.
fxe4 Bxe4 35. Nc7 Nxb6 36. Nxa8 Nxa8 37. Rb4 Bd5 38. Rab1 Rc8 39. Rb8 Rxb8 40.
Rxb8+ Kf7 41. c4 Be4 42. Nc3 Be3+ 43. Kh2 Bc6 44. Rc8 Bb7 45. Rb8 1/2-1/2

[Event "Paul Keres mem (27th)"]
[Site "Vancouver CAN"]
[Date "2002.05.19"]
[Round "5.15"]
[White "Pechisker, Alfred"]
[Black "Long, Hugh"]
[Result "1-0"]
[WhiteElo "2106"]
[BlackElo "1943"]
[PlyCount "79"]
[EventDate "2002.05.17"]
[EventType "swiss"]
[EventRounds "7"]
[EventCountry "CAN"]

1. d4 Nf6 2. c4 e6 3. Nf3 Bb4+ 4. Bd2 Bxd2+ 5. Nbxd2 c5 6. e3 cxd4 7. Nxd4 O-O
8. Bd3 d5 9. O-O Bd7 10. cxd5 exd5 11. Rc1 Nc6 12. N2f3 Nxd4 13. Nxd4 Qb6 14.
Qb3 Qa5 15. h3 Rab8 16. Qc3 Qxc3 17. Rxc3 Rbc8 18. Rfc1 Rxc3 19. Rxc3 Rc8 20.
Rxc8+ Bxc8 21. Nb5 Be6 22. Nxa7 d4 23. a3 dxe3 24. fxe3 Bd5 25. Nb5 Kf8 26. Nc3
Bc6 27. Kf2 g6 28. e4 Nd7 29. b4 Ne5 30. Bf1 Ke8 31. Ke3 Kd8 32. Kd4 f6 33. Nd5
Bxd5 34. Kxd5 Ke7 35. a4 h5 36. a5 Nc6 37. Kc5 Ke6 38. a6 Kd7 39. b5 Na7 40. b6
1-0

[Event "Paul Keres mem (27th)"]
[Site "Vancouver CAN"]
[Date "2002.05.19"]
[Round "5.16"]
[White "Harris, Philip"]
[Black "Yousefzadeh, Mehrdad"]
[Result "0-1"]
[WhiteElo "1982"]
[BlackElo "2041"]
[PlyCount "90"]
[EventDate "2002.05.17"]
[EventType "swiss"]
[EventRounds "7"]
[EventCountry "CAN"]

1. d4 Nf6 2. Nc3 d5 3. Bg5 Bf5 4. f3 Nbd7 5. g4 Bg6 6. h4 h6 7. Bf4 c6 8. e3 e6
9. h5 Bh7 10. Bd3 Bxd3 11. Qxd3 Nb6 12. Nge2 Bd6 13. e4 dxe4 14. Nxe4 Bxf4 15.
Nxf4 Nfd5 16. Nxd5 cxd5 17. Nc5 Qc7 18. O-O-O O-O-O 19. Rhe1 Nd7 20. Nxd7 Rxd7
21. Re5 Qc4 22. b3 Qxd3 23. Rxd3 Rc7 24. Kd2 b5 25. c3 Kd7 26. f4 Rc6 27. f5
Ra6 28. Rf3 Ke7 29. Rfe3 Rd8 30. fxe6 Rxa2+ 31. Kd3 f6 32. Rf5 Rg2 33. Rf1 Rd6
34. Ra1 a6 35. c4 dxc4+ 36. bxc4 bxc4+ 37. Kxc4 Rxg4 38. Rd1 Rxe6 39. Rb3 Rc6+
40. Kd5 Rd6+ 41. Kc5 Rg5+ 42. d5 Rxh5 43. Rb7+ Rd7 44. Rb6 Rc7+ 45. Kd4 Rxd5+
0-1

[Event "Paul Keres mem (27th)"]
[Site "Vancouver CAN"]
[Date "2002.05.19"]
[Round "5.17"]
[White "Stephens, Desmond"]
[Black "Pitre, Hanniegn"]
[Result "1-0"]
[WhiteElo "1787"]
[BlackElo "2007"]
[PlyCount "75"]
[EventDate "2002.05.17"]
[EventType "swiss"]
[EventRounds "7"]
[EventCountry "CAN"]

1. e4 d5 2. exd5 Nf6 3. Nf3 Nxd5 4. d4 g6 5. Be2 Bg7 6. O-O O-O 7. c4 Nb6 8.
Be3 c6 9. Qd2 Bg4 10. Na3 Na6 11. Rad1 Rc8 12. b3 Nd7 13. Bh6 Bxf3 14. Bxf3
Bxh6 15. Qxh6 Qa5 16. Qc1 b5 17. Qb2 b4 18. Nc2 Nf6 19. Rfe1 Rfe8 20. Re5 Qb6
21. Rde1 e6 22. d5 cxd5 23. cxd5 Rc3 24. dxe6 Rxe6 25. Rxe6 fxe6 26. a3 Qc5 27.
Nxb4 Nxb4 28. axb4 Qxb4 29. Rxe6 Rxb3 30. Qa2 Qa3 31. Qd2 Rd3 32. Qe1 Kg7 33.
Re7+ Kh6 34. h4 Rd4 35. Re6 Rf4 36. Qd2 Qa1+ 37. Kh2 g5 38. hxg5+ 1-0

[Event "Paul Keres mem (27th)"]
[Site "Vancouver CAN"]
[Date "2002.05.19"]
[Round "5.18"]
[White "Chapman, Erik"]
[Black "McCusky, Louis"]
[Result "1-0"]
[WhiteElo "2055"]
[BlackElo "1576"]
[PlyCount "83"]
[EventDate "2002.05.17"]
[EventType "swiss"]
[EventRounds "7"]
[EventCountry "CAN"]

1. e4 Nf6 2. e5 Nd5 3. d4 d6 4. Nf3 dxe5 5. dxe5 Nc6 6. Bb5 Bd7 7. Qxd5 e6 8.
Qd3 Be7 9. O-O Nb4 10. Qxd7+ Qxd7 11. Bxd7+ Kxd7 12. Na3 h6 13. Rd1+ Kc8 14. c3
Nc6 15. Nc2 b6 16. b3 Kb7 17. Ba3 Bxa3 18. Nxa3 Rad8 19. Nc2 Kc8 20. Ncd4 Ne7
21. Kf1 a6 22. Ke2 Rd7 23. c4 Rhd8 24. Nc2 c5 25. Rxd7 Rxd7 26. Rd1 Rxd1 27.
Kxd1 Kc7 28. Ne3 Kc6 29. Nf1 b5 30. Ng3 Ng6 31. Nh5 Ne7 32. Nxg7 bxc4 33. bxc4
Kb6 34. Kc2 Ka5 35. Kb3 Nc6 36. Ne8 Kb6 37. Nd6 Nb4 38. Ne1 Nc6 39. Nxf7 h5 40.
Nc2 a5 41. f4 Kc7 42. g3 1-0

[Event "Paul Keres mem (27th)"]
[Site "Vancouver CAN"]
[Date "2002.05.19"]
[Round "5.19"]
[White "Sullivan, Brian"]
[Black "Steininger, Gavin"]
[Result "0-1"]
[WhiteElo "1866"]
[BlackElo "1815"]
[PlyCount "76"]
[EventDate "2002.05.17"]
[EventType "swiss"]
[EventRounds "7"]
[EventCountry "CAN"]

1. e4 c5 2. Nf3 d6 3. d4 cxd4 4. Nxd4 Nf6 5. Nc3 a6 6. Bc4 e6 7. Bb3 b5 8. a3
Bb7 9. Bg5 Nbd7 10. O-O h6 11. Bxf6 Nxf6 12. Qe2 Be7 13. Bxe6 Qb6 14. Bd5 Bxd5
15. exd5 Qxd4 16. Rfe1 Ra7 17. Rad1 Qg4 18. Qe3 Qd7 19. Rd4 O-O 20. Ne4 Nxe4
21. Rxe4 Bf6 22. c3 Raa8 23. h4 Be5 24. f4 f5 25. fxe5 fxe4 26. e6 Qa7 27. Qxa7
Rxa7 28. Rxe4 Re7 29. a4 Rf5 30. axb5 axb5 31. Rd4 Rc7 32. g3 Kf8 33. g4 Re5
34. Kf2 Rc4 35. Rd3 Rxg4 36. b3 Rxh4 37. Rf3+ Ke8 38. Kg3 Rhe4 0-1

[Event "Paul Keres mem (27th)"]
[Site "Vancouver CAN"]
[Date "2002.05.20"]
[Round "5.20"]
[White "Zemitis, Valdemars"]
[Black "Davies, Lucas"]
[Result "0-1"]
[WhiteElo "1841"]
[BlackElo "1905"]
[PlyCount "52"]
[EventDate "2002.05.17"]
[EventType "swiss"]
[EventRounds "7"]
[EventCountry "CAN"]

1. Nf3 Nf6 2. g3 b6 3. Bg2 Bb7 4. O-O e6 5. d4 Be7 6. c4 d6 7. Nc3 Nbd7 8. d5
e5 9. e4 Bf8 10. Ne1 g6 11. f4 exf4 12. gxf4 Bg7 13. Nf3 Qe7 14. Re1 O-O-O 15.
e5 dxe5 16. fxe5 Ng4 17. Bg5 Qc5+ 18. Qd4 Qxd4+ 19. Nxd4 Bxe5 20. Nc6 Rde8 21.
h3 Bxc6 22. dxc6 Bd4+ 23. Kh1 Nf2+ 24. Kh2 Nc5 25. Nb5 Be5+ 26. Kg1 Nfd3 0-1

[Event "Paul Keres mem (27th)"]
[Site "Vancouver CAN"]
[Date "2002.05.20"]
[Round "6.1"]
[White "Yoos, John"]
[Black "Orlov, Georgi"]
[Result "1-0"]
[WhiteElo "2430"]
[BlackElo "2591"]
[PlyCount "81"]
[EventDate "2002.05.17"]
[EventType "swiss"]
[EventRounds "7"]
[EventCountry "CAN"]

1. e4 c5 2. Nf3 Nc6 3. d4 cxd4 4. Nxd4 Qb6 5. Nb3 e6 6. Bd3 Nf6 7. Nc3 a6 8.
Be3 Qc7 9. f4 d6 10. Qf3 b5 11. g4 Be7 12. g5 Nd7 13. O-O-O Bb7 14. Kb1 Rc8 15.
Qf2 Nb4 16. Rhf1 O-O 17. f5 Nxd3 18. cxd3 b4 19. Ne2 Ne5 20. Ng3 Ng4 21. Qe2
Qc2+ 22. Qxc2 Rxc2 23. Bg1 Rg2 24. Nd4 Bxg5 25. fxe6 Bf6 26. Nh5 fxe6 27. Nf4
Rxg1 28. Rxg1 e5 29. Rxg4 exd4 30. Rg2 Be5 31. Nd5 Bxd5 32. exd5 Rf3 33. Kc2 a5
34. Kb3 h5 35. Ka4 h4 36. Kxa5 h3 37. Re2 Re3 38. Rc2 g5 39. Kxb4 g4 40. Kc4
Kh7 41. Rg1 1-0

[Event "Paul Keres mem (27th)"]
[Site "Vancouver CAN"]
[Date "2002.05.20"]
[Round "6.3"]
[White "Harper, Bruce"]
[Black "Beqo, Nick"]
[Result "1/2-1/2"]
[WhiteElo "2335"]
[BlackElo "2151"]
[PlyCount "100"]
[EventDate "2002.05.17"]
[EventType "swiss"]
[EventRounds "7"]
[EventCountry "CAN"]

1. e4 c5 2. Nc3 Nc6 3. g3 g6 4. Bg2 Bg7 5. d3 d6 6. Be3 e6 7. Qd2 Nd4 8. Nd1
Rb8 9. c3 Nc6 10. Ne2 Ne5 11. f4 Ng4 12. Bg1 Qa5 13. h3 N4f6 14. g4 Ne7 15. Bh2
Nd7 16. Ne3 b5 17. O-O b4 18. f5 bxc3 19. bxc3 e5 20. g5 f6 21. h4 Nc6 22. Ng3
Ba6 23. Rf2 c4 24. dxc4 Qc5 25. Bh3 Nb6 26. Nd5 O-O 27. Nxb6 Rxb6 28. Qd5+ Qxd5
29. cxd5 Na5 30. Bf1 Bc4 31. Kh1 Rfb8 32. Bg1 Rb1 33. Rxb1 Rxb1 34. Kg2 a6 35.
Bxc4 Nxc4 36. Nf1 Rc1 37. fxg6 hxg6 38. gxf6 Bh6 39. f7+ Kf8 40. Rf6 Bf4 41.
Ba7 Rb1 42. Rxg6 Kxf7 43. h5 Rb7 44. Bf2 Rb2 45. Ng3 Be3 46. Nh1 Rxa2 47. Kf3
Bf4 48. Ng3 Nd2+ 49. Kg4 Bxg3 50. Bxg3 Nxe4 1/2-1/2

[Event "Paul Keres mem (27th)"]
[Site "Vancouver CAN"]
[Date "2002.05.20"]
[Round "6.4"]
[White "Stanford, Mike"]
[Black "Jiganchine, Roman"]
[Result "1/2-1/2"]
[WhiteElo "2165"]
[BlackElo "2224"]
[PlyCount "29"]
[EventDate "2002.05.17"]
[EventType "swiss"]
[EventRounds "7"]
[EventCountry "CAN"]

1. e4 c6 2. d4 d5 3. e5 c5 4. dxc5 e6 5. Be3 Nd7 6. Bb5 Qc7 7. Nf3 Bxc5 8. Bxc5
Qxc5 9. Nc3 Ne7 10. Qd4 Qxd4 11. Nxd4 a6 12. Bxd7+ Bxd7 13. f4 O-O-O 14. O-O-O
Rde8 15. Rde1 1/2-1/2

[Event "Paul Keres mem (27th)"]
[Site "Vancouver CAN"]
[Date "2002.05.20"]
[Round "6.5"]
[White "Milicevic, Dragoljub"]
[Black "Pacheco, Sigfrido"]
[Result "1/2-1/2"]
[WhiteElo "2277"]
[BlackElo "1944"]
[PlyCount "81"]
[EventDate "2002.05.17"]
[EventType "swiss"]
[EventRounds "7"]
[EventCountry "CAN"]

1. Nf3 Nf6 2. g3 g6 3. Bg2 Bg7 4. O-O O-O 5. c4 c5 6. Nc3 Nc6 7. e4 d6 8. d3
Rb8 9. Bg5 h6 10. Bd2 a6 11. Qc1 Kh7 12. Nd5 e6 13. Nxf6+ Qxf6 14. Bc3 e5 15.
Ne1 Qe7 16. f4 f5 17. Qd2 Nd4 18. Bxd4 cxd4 19. Nf3 fxe4 20. dxe4 b5 21. cxb5
Rxb5 22. Rae1 Bg4 23. h3 Bxf3 24. Rxf3 exf4 25. gxf4 Rfb8 26. b3 Rc5 27. Bf1
Rc3 28. Bd3 Bf6 29. Ref1 Rg8 30. Qe2 a5 31. Kh1 Kh8 32. e5 dxe5 33. fxe5 Bxe5
34. Re1 Rc5 35. Qe4 Qd6 36. Bc4 Rf8 37. Rxf8+ Qxf8 38. Rf1 Qc8 39. Rf3 Qc6 40.
Rf8+ Kh7 41. Rf7+ 1/2-1/2

[Event "Paul Keres mem (27th)"]
[Site "Vancouver CAN"]
[Date "2002.05.20"]
[Round "6.6"]
[White "Fletcher, David"]
[Black "Shamilov, Eduard"]
[Result "1-0"]
[WhiteElo "2137"]
[BlackElo "2239"]
[PlyCount "47"]
[EventDate "2002.05.17"]
[EventType "swiss"]
[EventRounds "7"]
[EventCountry "CAN"]

1. e4 c5 2. c4 Nc6 3. Nc3 g6 4. g3 Bg7 5. Bg2 d6 6. Nge2 e5 7. d3 Nge7 8. O-O
O-O 9. Be3 h6 10. Qd2 Kh7 11. f4 f5 12. Rf2 Rb8 13. Raf1 Be6 14. b3 a6 15. Nd5
Nd4 16. h4 Nxd5 17. cxd5 Bd7 18. h5 gxh5 19. fxe5 dxe5 20. exf5 Rf6 21. Nc3 Kh8
22. Ne4 Rxf5 23. Bxd4 Rxf2 24. Bxf2 1-0

[Event "Paul Keres mem (27th)"]
[Site "Vancouver CAN"]
[Date "2002.05.20"]
[Round "6.7"]
[White "Boehmer, Kris"]
[Black "Spears, Nicholas"]
[Result "1-0"]
[WhiteElo "2110"]
[BlackElo "2215"]
[PlyCount "115"]
[EventDate "2002.05.17"]
[EventType "swiss"]
[EventRounds "7"]
[EventCountry "CAN"]

1. c4 e6 2. Nc3 d5 3. cxd5 exd5 4. d4 Nf6 5. Bg5 Be7 6. Qc2 c6 7. e3 O-O 8. Bd3
Nbd7 9. Nge2 Re8 10. O-O h6 11. Bh4 Ne4 12. Bxe7 Qxe7 13. Rae1 Ndf6 14. f3 Nxc3
15. Nxc3 Qd6 16. Qf2 Be6 17. Kh1 Rad8 18. Rg1 Nh7 19. a3 Qd7 20. Qc2 Nf6 21. g4
g5 22. Ne2 Qe7 23. Ng3 Qd6 24. b4 a6 25. Qd2 Kg7 26. Rg2 Rh8 27. Bf5 h5 28. e4
Qf4 29. Qxf4 gxf4 30. Nxh5+ Nxh5 31. gxh5+ Kh6 32. Bxe6 fxe6 33. Rg6+ Kxh5 34.
Rxe6 Rhg8 35. exd5 Rxd5 36. R6e5+ Rg5 37. Rxd5 Rxd5 38. Re5+ Rxe5 39. dxe5 Kg5
40. h4+ Kf5 41. Kg2 Kxe5 42. Kf2 b6 43. Ke2 Kd4 44. h5 Ke5 45. h6 Kf6 46. Kd3
Kg6 47. Ke4 Kxh6 48. Kxf4 c5 49. bxc5 bxc5 50. Ke5 Kg5 51. Kd5 Kf4 52. Kxc5
Kxf3 53. Kb6 Ke4 54. Kxa6 Kd5 55. Kb6 Kd6 56. a4 Kd7 57. Kb7 Kd6 58. a5 1-0

[Event "Paul Keres mem (27th)"]
[Site "Vancouver CAN"]
[Date "2002.05.20"]
[Round "6.8"]
[White "Tegzes, Laszlo"]
[Black "Wright, Stephen"]
[Result "1-0"]
[WhiteElo "2331"]
[BlackElo "2154"]
[PlyCount "57"]
[EventDate "2002.05.17"]
[EventType "swiss"]
[EventRounds "7"]
[EventCountry "CAN"]

1. e4 Nf6 2. e5 Nd5 3. c4 Nb6 4. c5 Nd5 5. Bc4 c6 6. Nc3 d6 7. cxd6 Nxc3 8.
dxc3 exd6 9. Nf3 d5 10. Bd3 Be7 11. O-O Bg4 12. Bf4 Nd7 13. h3 Bh5 14. Qe2 Nc5
15. Bf5 Ne6 16. Be3 O-O 17. g4 Bg6 18. Nd4 Nxd4 19. cxd4 c5 20. Rad1 c4 21. f4
b5 22. Bc2 Bxc2 23. Qxc2 b4 24. f5 c3 25. f6 gxf6 26. Bh6 Re8 27. exf6 Bf8 28.
Bxf8 Kxf8 29. Qxh7 1-0

[Event "Paul Keres mem (27th)"]
[Site "Vancouver CAN"]
[Date "2002.05.20"]
[Round "6.9"]
[White "Pupols, Viktors"]
[Black "Maheux, Pierre"]
[Result "1-0"]
[WhiteElo "2261"]
[BlackElo "2007"]
[PlyCount "63"]
[EventDate "2002.05.17"]
[EventType "swiss"]
[EventRounds "7"]
[EventCountry "CAN"]

1. d4 c5 2. d5 e5 3. e4 d6 4. c4 f5 5. Nc3 Nf6 6. Bd3 f4 7. g3 fxg3 8. hxg3 Na6
9. Bd2 Be7 10. f3 Bd7 11. a3 O-O 12. Be3 Qe8 13. Qd2 Qg6 14. Qh2 Nc7 15. b4 b6
16. Nge2 Nfxd5 17. cxd5 Rxf3 18. Kd2 Raf8 19. Nd1 c4 20. Bxc4 Bb5 21. Bxb5 Nxb5
22. Kd3 Nd4 23. Qh5 Qxh5 24. Rxh5 Nxe2 25. Kxe2 Rxg3 26. Rc1 Rg2+ 27. Nf2 h6
28. Rf5 g5 29. Rxf8+ Kxf8 30. Kf3 Rh2 31. Kg3 Rh5 32. b5 1-0